00897 2200301 4500001002100000005001500021035002500036007000300061008004100064020002200105040001700127082001200144084001400156090001800170090002200188100002300210245011100233250002600344260004100370300003000411500001100441504003100452650002900483700002700512850001200539999002200551990002200573INLIS00000000002547320200512062913 a0010-021700000000287ta170209s2014 yoi g 1 0dind d a978-602-229-351-4 aYOPDYOGbind04223a361 a361 SOE k aDEP 361 SOE k aCB-D.11 2014-22270 aSoetomoePengarang1 aKesejahteraan dan upaya mewujudkannya dalam perspektif masyarakat lokal /cSoetomo; penyunting, Rh. Widada aCetakan pertama, 20143 aYogyakarta :bPustaka Pelajar,c2014 axii, 225 halaman ;c21 cm aIndeks aBibliografi : hlm. 216-221 4aKesejahteraan Masyarakat1 aWidada, RhePenyunting aYOPDYOG aCB-D.11/2014-2227 aCB-D.11/2014-2227